[Event "Hvar op"]
[Site "Hvar"]
[Date "2023.10.18"]
[Round "5"]
[White "Mencinger, Vojko"]
[Black "Zenelaj, Samuel"]
[Result "1/2-1/2"]
[WhiteElo "2308"]
[BlackElo "2290"]
[PlyCount "99"]
[EventDate "2023.10.15"]
[EventType "swiss"]
[EventRounds "9"]
[EventCountry "CRO"]
[SourceTitle "Mega2024 Update 01"]
[Source "Chessbase"]
[SourceDate "2023.11.12"]
[SourceVersion "1"]
[SourceVersionDate "2023.11.12"]
[SourceQuality "1"]

1. Nf3 Nf6 2. c4 e6 3. b3 g6 4. Bb2 Bg7 5. g4 0-0 6. g5 Nh5 7. Bxg7 Kxg7 8. e3 f6 9. h4 fxg5 10. hxg5 e5 11. d3 d5 12. cxd5 Qxd5 13. Be2 Bg4 14. Nbd2 Nc6 15. Rh4 Qd7 16. Qc2 Rad8 17. Qc3 Bxf3 18. Nxf3 Qd5 19. Nd2 Qg2 20. Ne4 Qg1+ 21. Kd2 Qg2 22. Rf1 Nf4 23. exf4 Qxe4 24. Rfh1 h5 25. gxh6+ Kh7 26. fxe5 Rf4 27. e6 Rd4 28. Rxf4 Qxf4+ 29. Ke1 Qf6 30. Rh3 Qxe6 31. Re3 Qd6 32. Bf3 Nb4 33. a3 Nc6 34. Bxc6 bxc6 35. b4 Kxh6 36. Ke2 Qd5 37. Rh3+ Kg5 38. Qc1+ Kf6 39. Rf3+ Kg7 40. Qe3 Qa2+ 41. Kf1 Qa1+ 42. Kg2 Rg4+ 43. Kh3 Qg1 44. Qe7+ Kh6 45. Qf8+ Kg5 46. Qf6+ Kh6 47. Qh8+ Kg5 48. Qe5+ Kh6 49. Qh8+ Kg5 50. Qe5+ 1/2-1/2

[Event "Hvar op"]
[Site "Hvar"]
[Date "2023.10.18"]
[Round "6"]
[White "Zenelaj, Samuel"]
[Black "Wu, Yixing"]
[Result "1/2-1/2"]
[WhiteElo "2290"]
[BlackElo "2151"]
[PlyCount "49"]
[EventDate "2023.10.15"]
[EventType "swiss"]
[EventRounds "9"]
[EventCountry "CRO"]
[SourceTitle "Mega2024 Update 01"]
[Source "Chessbase"]
[SourceDate "2023.11.12"]
[SourceVersion "1"]
[SourceVersionDate "2023.11.12"]
[SourceQuality "1"]

1. e4 c6 2. d4 d5 3. Nd2 dxe4 4. Nxe4 Nf6 5. Nxf6+ exf6 6. Be3 Bd6 7. Bd3 0-0 8. Ne2 Na6 9. a3 Nc7 10. c4 Re8 11. 0-0 b5 12. Qc2 bxc4 13. Bxh7+ Kh8 14. Be4 Nd5 15. Nc3 Rb8 16. Kh1 Nxc3 17. bxc3 Qc7 18. d5 cxd5 19. Bxd5 Bb7 20. Rad1 Bxd5 21. Rxd5 Kg8 22. Qa4 Re5 23. Rd4 Ra5 24. Qxc4 Re5 25. Qa4 1/2-1/2

[Event "Hvar op"]
[Site "Hvar"]
[Date "2023.10.15"]
[Round "1"]
[White "Simunic, Neno"]
[Black "Zenelaj, Samuel"]
[Result "0-1"]
[WhiteElo "1763"]
[BlackElo "2290"]
[PlyCount "84"]
[EventDate "2023.10.15"]
[EventType "swiss"]
[EventRounds "9"]
[EventCountry "CRO"]
[SourceTitle "Mega2024 Update 01"]
[Source "Chessbase"]
[SourceDate "2023.11.12"]
[SourceVersion "1"]
[SourceVersionDate "2023.11.12"]
[SourceQuality "1"]

1. d4 Nf6 2. c4 e6 3. Nf3 Bb4+ 4. Bd2 a5 5. Bxb4 axb4 6. g3 d5 7. Nbd2 0-0 8. Bg2 Nc6 9. 0-0 Qe7 10. cxd5 exd5 11. e3 Bf5 12. Qe2 Ra6 13. Qb5 Rfa8 14. Nh4 Bc8 15. Qd3 Rxa2 16. Rxa2 Rxa2 17. Qb1 Ra6 18. Nb3 Nb8 19. Nc5 Rc6 20. Qa2 Na6 21. Nd3 Rd6 22. Qb3 Rd8 23. Rc1 g6 24. Nc5 Nxc5 25. Rxc5 Qd6 26. Rb5 b6 27. Rxb4 Bd7 28. Qa3 Qc6 29. Qc3 Qxc3 30. bxc3 Ra8 31. Rb1 Ra2 32. Nf3 Ne4 33. Ne5 Nxc3 34. Re1 Bf5 35. Nc6 Be6 36. f3 Rb2 37. e4 b5 38. Ne7+ Kf8 39. Nc6 b4 40. f4 dxe4 41. Bxe4 Nxe4 42. Rxe4 Bd5 0-1

[Event "Titled Tuesday intern op 20th Jun Late"]
[Site "Chess.com INT"]
[Date "2023.06.20"]
[Round "3"]
[White "Omariev, Maksim"]
[Black "Zenelaj, Samuel"]
[Result "1/2-1/2"]
[WhiteElo "2304"]
[BlackElo "2290"]
[PlyCount "226"]
[EventDate "2023.06.20"]
[EventType "swiss (blitz)"]
[EventRounds "11"]
[EventCountry "USA"]
[SourceTitle "EXT 2024"]
[Source "ChessBase"]
[SourceDate "2023.10.10"]
[SourceVersion "1"]
[SourceVersionDate "2023.10.10"]
[SourceQuality "1"]

1. g4 d5 2. Bg2 Bxg4 3. c4 c6 4. Qb3 Qc7 5. cxd5 cxd5 6. Nc3 Nf6 7. Nxd5 Nxd5 8. Bxd5 Nc6 9. Bxf7+ Kd8 10. d3 g6 11. Be3 Bg7 12. Rc1 Rf8 13. h3 Bd7 14. Nf3 Qa5+ 15. Bd2 Qb6 16. Ng5 Qxb3 17. Bxb3 Bxb2 18. Rb1 Bd4 19. e3 Bb6 20. Nxh7 Rh8 21. Ng5 Ne5 22. d4 Rh5 23. f4 Nc6 24. Bd1 Rh4 25. Kf2 Bf5 26. Rb2 Kc7 27. Kg3 Rah8 28. Nf7 Rxh3+ 29. Rxh3 Rxh3+ 30. Kg2 Rh7 31. Ng5 Rh8 32. Bf3 Rd8 33. a4 Na5 34. Bxa5 Bxa5 35. e4 Bc8 36. d5 Bb6 37. Rc2+ Kb8 38. e5 Bf5 39. Rb2 Bd4 40. Rd2 Be3 41. Rd1 Bxf4 42. Nf7 Rf8 43. e6 Kc7 44. Rf1 Bd6 45. Rc1+ Kb6 46. Nxd6 exd6 47. Re1 Re8 48. Kg3 Bd3 49. Kf4 Kc5 50. Kg5 Kd4 51. Bg2 Rf8 52. e7 Re8 53. Kf6 Bc2 54. a5 Kc5 55. Kf7 Ba4 56. Bh3 Kb4 57. Be6 Kxa5 58. Kf6 g5 59. Bf7 Rh8 60. e8Q Bxe8 61. Bxe8 g4 62. Bg6 g3 63. Rg1 Rf8+ 64. Ke7 Rf3 65. Kxd6 Kb4 66. Be4 Re3 67. Ke5 Kc5 68. Kf4 Rc3 69. Rd1 Kd6 70. Rg1 b5 71. Bf3 a5 72. Rxg3 a4 73. Rg6+ Kd7 74. Rg7+ Kd6 75. Rg6+ Kd7 76. Bg4+ Ke7 77. d6+ Kf7 78. Re6 Rc4+ 79. Re4 Rxe4+ 80. Kxe4 b4 81. Kd5 b3 82. Kc6 a3 83. d7 a2 84. d8Q a1Q 85. Bh5+ Kg7 86. Qe7+ Kh6 87. Bf7 Qg7 88. Qe6+ Kg5 89. Qxb3 Qf6+ 90. Kd7 Qe5 91. Be6 Kf6 92. Qf3+ Kg5 93. Qg4+ Kf6 94. Qf3+ Kg5 95. Bf7 Qd4+ 96. Ke8 Qe5+ 97. Kf8 Qb8+ 98. Kg7 Qe5+ 99. Kh7 Qh2+ 100. Kg8 Qb8+ 101. Kg7 Qe5+ 102. Kf8 Qb8+ 103. Ke7 Qe5+ 104. Be6 Qc7+ 105. Bd7 Qe5+ 106. Kd8 Qb8+ 107. Ke7 Qe5+ 108. Be6 Qc7+ 109. Ke8 Qb8+ 110. Kd7 Qa7+ 111. Kd6 Qd4+ 112. Bd5 Qf6+ 113. Qxf6+ Kxf6 1/2-1/2

[Event "Titled Tuesday intern op 20th Jun Late"]
[Site "Chess.com INT"]
[Date "2023.06.20"]
[Round "5"]
[White "Zenelaj, Samuel"]
[Black "Buchenau, Frank"]
[Result "0-1"]
[WhiteElo "2290"]
[BlackElo "2222"]
[PlyCount "102"]
[EventDate "2023.06.20"]
[EventType "swiss (blitz)"]
[EventRounds "11"]
[EventCountry "USA"]
[SourceTitle "EXT 2024"]
[Source "ChessBase"]
[SourceDate "2023.10.10"]
[SourceVersion "1"]
[SourceVersionDate "2023.10.10"]
[SourceQuality "1"]

1. e4 e6 2. d4 d5 3. exd5 exd5 4. Nf3 Bf5 5. Bd3 Bxd3 6. Qxd3 Nc6 7. c3 Bd6 8. 0-0 Nge7 9. Nbd2 0-0 10. Re1 Qd7 11. Nf1 Qf5 12. Qxf5 Nxf5 13. Ng3 Bxg3 14. hxg3 h5 15. Bf4 Rac8 16. Ne5 f6 17. Nxc6 bxc6 18. Re6 g5 19. Bd2 Nd6 20. Rae1 Rfe8 21. Rxf6 Ne4 22. Rxe4 Rxe4 23. Rxc6 Re2 24. Bxg5 Rxb2 25. a4 Ra2 26. Ra6 Rc2 27. Rc6 Ra2 28. Ra6 Rb8 29. Be3 Rb1+ 30. Kh2 Raa1 31. g4 h4 32. g3 Rh1+ 33. Kg2 h3+ 34. Kf3 h2 35. Rh6 Rxa4 36. Kg2 Raa1 37. Rxh2 Rag1+ 38. Kf3 Rxh2 39. Kf4 Rf1 40. Ke5 Rfxf2 41. Kxd5 Rf3 42. Bf4 Rc2 43. c4 c6+ 44. Kc5 Rfc3 45. Kxc6 Rxc4+ 46. Kd5 a5 47. Bd6 a4 48. Ke4 Rxd4+ 49. Kxd4 Rd2+ 50. Ke5 Rxd6 51. Kxd6 a3 0-1

[Event "Titled Tuesday intern op 20th Jun Late"]
[Site "Chess.com INT"]
[Date "2023.06.20"]
[Round "2"]
[White "Zenelaj, Samuel"]
[Black "Fajdetic, Hrvoje"]
[Result "1-0"]
[WhiteElo "2290"]
[BlackElo "2151"]
[PlyCount "89"]
[EventDate "2023.06.20"]
[EventType "swiss (blitz)"]
[EventRounds "11"]
[EventCountry "USA"]
[SourceTitle "EXT 2024"]
[Source "ChessBase"]
[SourceDate "2023.10.10"]
[SourceVersion "1"]
[SourceVersionDate "2023.10.10"]
[SourceQuality "1"]

1. e4 e6 2. d4 d5 3. Nd2 dxe4 4. Nxe4 Nd7 5. Nf3 Ngf6 6. Ng3 c5 7. Be3 Qb6 8. dxc5 Bxc5 9. Bxc5 Nxc5 10. Qd4 0-0 11. b4 Na4 12. Qxb6 axb6 13. Bc4 Nc3 14. Kd2 Nce4+ 15. Nxe4 Nxe4+ 16. Ke3 Nd6 17. Bb3 Bd7 18. Ne5 Nf5+ 19. Kf4 Ba4 20. Rhd1 g5+ 21. Ke4 Bxb3 22. cxb3 Rfd8 23. Nd7 Kg7 24. Nxb6 Rxd1 25. Rxd1 Rxa2 26. g4 Nh4 27. Rd7 Rxf2 28. Nc4 Rf4+ 29. Kd3 b5 30. Nd6 Nf3 31. Kc3 Ne5 32. Rb7 Nxg4 33. Rxb5 Kg6 34. Rb8 Ne3 35. Rg8+ Kh6 36. b5 Nd5+ 37. Kd3 Rf3+ 38. Ke4 Rxb3 39. Nxf7+ Kh5 40. Rxg5+ Kh4 41. Rg7 Rxb5 42. Rxh7+ Kg4 43. Ne5+ Kg5 44. h4+ Kf6 45. Rf7# 1-0

[Event "Titled Tuesday intern op 09th May Late"]
[Site "Chess.com INT"]
[Date "2023.05.09"]
[Round "10"]
[White "Boder, Jan"]
[Black "Zenelaj, Samuel"]
[Result "1-0"]
[WhiteElo "2294"]
[BlackElo "2290"]
[PlyCount "107"]
[EventDate "2023.05.09"]
[EventType "swiss (blitz)"]
[EventRounds "11"]
[EventCountry "USA"]
[SourceTitle "CBM 214 Extra"]
[Source "ChessBase"]
[SourceDate "2023.07.31"]
[SourceVersion "1"]
[SourceVersionDate "2023.07.31"]
[SourceQuality "1"]

1. c4 c5 2. g3 Nc6 3. Bg2 g6 4. Nc3 Bg7 5. a3 e6 6. b4 cxb4 7. axb4 Nxb4 8. Ba3 Nc6 9. Nb5 Nge7 10. Bd6 0-0 11. Bc7 Qe8 12. Nd6 Bxa1 13. Qxa1 Nb4 14. Qc3 Nec6 15. Nxe8 Rxe8 16. h4 a5 17. h5 a4 18. hxg6 fxg6 19. Nf3 a3 20. 0-0 d5 21. Ne5 d4 22. Qa1 Nc2 23. Qa2 N6b4 24. Qb3 a2 25. Kh2 a1Q 26. Rxa1 Rxa1 27. Qf3 Rf8 28. Qg4 Rf6 29. Bd8 Rf5 30. Nxg6 hxg6 31. Qxg6+ Kf8 32. Be4 Rf7 33. Qh6+ Ke8 34. Bg5 Kd7 35. Bf3 Nc6 36. Qg6 Re7 37. Qxc2 Rg7 38. Bxc6+ bxc6 39. f4 Ra8 40. Qe4 Bb7 41. Qxd4+ Kc7 42. Qxg7+ Kb6 43. Qe5 Re8 44. e4 c5 45. d4 cxd4 46. Qxd4+ Kc7 47. c5 Bc6 48. Qd6+ Kb7 49. Bf6 Ra8 50. g4 Bxe4 51. Qxe6 Bc6 52. Qe7+ Ka6 53. Qc7 Be4 54. Qb6# 1-0

[Event "Titled Tuesday intern op 09th May Late"]
[Site "Chess.com INT"]
[Date "2023.05.09"]
[Round "4"]
[White "Fathy, Elameir"]
[Black "Zenelaj, Samuel"]
[Result "1-0"]
[WhiteElo "2300"]
[BlackElo "2290"]
[PlyCount "141"]
[EventDate "2023.05.09"]
[EventType "swiss (blitz)"]
[EventRounds "11"]
[EventCountry "USA"]
[SourceTitle "CBM 214 Extra"]
[Source "ChessBase"]
[SourceDate "2023.07.31"]
[SourceVersion "1"]
[SourceVersionDate "2023.07.31"]
[SourceQuality "1"]

1. d4 Nf6 2. c4 e6 3. Nf3 Bb4+ 4. Bd2 a5 5. a3 Bxd2+ 6. Qxd2 0-0 7. Nc3 d5 8. e3 b6 9. Rc1 Nbd7 10. cxd5 exd5 11. Bd3 Bb7 12. 0-0 c5 13. Rfd1 Qe7 14. h3 Rac8 15. Qc2 Rfd8 16. Re1 Ne4 17. Rcd1 cxd4 18. exd4 Qf6 19. Qb3 Nxc3 20. bxc3 Qd6 21. Bf5 Ba6 22. Ne5 Bc4 23. Qb2 Nxe5 24. dxe5 Qc5 25. Bxc8 Rxc8 26. Rd4 Rc6 27. a4 h6 28. Kh2 Rg6 29. f4 Qc8 30. Qf2 h5 31. f5 Rg5 32. e6 Qc7+ 33. Kh1 Qe7 34. Qf4 f6 35. Qb8+ Kh7 36. Qf4 Kg8 37. Qf3 Bb3 38. h4 Rg4 39. Rxg4 hxg4 40. Qxg4 Bc2 41. Rf1 Be4 42. h5 Qe8 43. Qg6 Qxg6 44. hxg6 Kf8 45. Kh2 Ke7 46. g4 Bc2 47. Kg3 Bxa4 48. Rh1 Bb3 49. Rh8 a4 50. Rg8 a3 51. Rxg7+ Kd6 52. Rf7 a2 53. Ra7 d4 54. cxd4 b5 55. g7 Kd5 56. g8Q Kxd4 57. e7 Bxg8 58. e8Q Bb3 59. Qd8+ Kc3 60. Qxf6+ Kc2 61. Qa1 b4 62. Rb7 Bc4 63. Rxb4 Kd3 64. g5 Ke4 65. g6 Kxf5 66. Ra4 Bg8 67. Rxa2 Kxg6 68. Rf2 Kh7 69. Qf6 Bd5 70. Rh2+ Kg8 71. Rh8# 1-0

[Event "Titled Tuesday intern op 09th May Late"]
[Site "Chess.com INT"]
[Date "2023.05.09"]
[Round "1"]
[White "Sarana, Alexey"]
[Black "Zenelaj, Samuel"]
[Result "1-0"]
[WhiteElo "2685"]
[BlackElo "2290"]
[PlyCount "65"]
[EventDate "2023.05.09"]
[EventType "swiss (blitz)"]
[EventRounds "11"]
[EventCountry "USA"]
[SourceTitle "CBM 214 Extra"]
[Source "ChessBase"]
[SourceDate "2023.07.31"]
[SourceVersion "1"]
[SourceVersionDate "2023.07.31"]
[SourceQuality "1"]

1. d4 Nf6 2. c4 e6 3. Nc3 d5 4. Nf3 Be7 5. g3 0-0 6. Bg2 Nc6 7. e3 a6 8. b3 Bb4 9. Bd2 b6 10. 0-0 Bb7 11. Qc2 Rc8 12. cxd5 exd5 13. Rfd1 Qe7 14. Ne2 Bd6 15. Nf4 Nb4 16. Qb2 Ne4 17. Be1 a5 18. a3 Na6 19. Ne5 Bxe5 20. dxe5 Rfd8 21. b4 axb4 22. axb4 c5 23. bxc5 bxc5 24. Nxd5 Bxd5 25. Rxa6 Rb8 26. Qa1 g6 27. Rxd5 Rxd5 28. Bxe4 Rxe5 29. Ra7 Rxe4 30. Rxe7 Rxe7 31. Kg2 c4 32. Bc3 f5 33. Qa6 1-0

[Event "Titled Tuesday intern op 09th May Late"]
[Site "Chess.com INT"]
[Date "2023.05.09"]
[Round "5"]
[White "Zenelaj, Samuel"]
[Black "Smieszek, Wojciech"]
[Result "1/2-1/2"]
[WhiteElo "2290"]
[BlackElo "2078"]
[PlyCount "155"]
[EventDate "2023.05.09"]
[EventType "swiss (blitz)"]
[EventRounds "11"]
[EventCountry "USA"]
[SourceTitle "CBM 214 Extra"]
[Source "ChessBase"]
[SourceDate "2023.07.31"]
[SourceVersion "1"]
[SourceVersionDate "2023.07.31"]
[SourceQuality "1"]

1. e4 c5 2. Nf3 g6 3. d4 cxd4 4. Nxd4 Nc6 5. c4 Bg7 6. Be3 Nf6 7. f3 0-0 8. Nc3 d6 9. Be2 Nxd4 10. Bxd4 Be6 11. b3 Qa5 12. 0-0 Rfb8 13. Rc1 a6 14. a4 Rc8 15. Kh1 Qb4 16. Re1 Nd7 17. Bxg7 Kxg7 18. Qd4+ Kg8 19. Rb1 Nc5 20. Bd1 b5 21. axb5 axb5 22. Rg1 bxc4 23. bxc4 Qxc4 24. Qxc4 Bxc4 25. Be2 Bxe2 26. Nxe2 Ra2 27. Nf4 Rca8 28. Rgc1 Rd2 29. Rd1 Raa2 30. Rxd2 Rxd2 31. h3 Nd3 32. Nd5 e6 33. Nf6+ Kg7 34. Ne8+ Kf8 35. Rb8 Ke7 36. Nc7 Nf4 37. Rb7 Kf6 38. Ne8+ Kg5 39. Rxf7 e5 40. Rxh7 Nxg2 41. Nxd6 Ne1 42. h4+ Kf4 43. Rf7+ Kg3 44. Nc4 Rh2+ 45. Kg1 Rg2+ 46. Kf1 Nxf3 47. Rxf3+ Kxf3 48. Nxe5+ Kg3 49. Nxg6 Ra2 50. e5 Kf3 51. Ke1 Ke4 52. e6 Kf5 53. e7 Ra8 54. h5 Kg5 55. Ke2 Kxh5 56. Nf4+ Kg5 57. Ne6+ Kf6 58. Nc7 Ra2+ 59. Kd3 Kxe7 60. Nd5+ Kd6 61. Nc3 Ra3 62. Kc4 Ra1 63. Kd4 Rh1 64. Ne4+ Kc6 65. Nc3 Rh4+ 66. Kd3 Kc5 67. Ne4+ Kd5 68. Nc3+ Ke5 69. Ke3 Rh3+ 70. Kd2 Kd4 71. Ne2+ Kc4 72. Nf4 Rf3 73. Ne2 Rd3+ 74. Kc2 Ra3 75. Kd2 Kd5 76. Nc3+ Kd4 77. Nb5+ Kc4 78. Nxa3+ 1/2-1/2

[Event "Titled Tuesday intern op 02nd May Late"]
[Site "Chess.com INT"]
[Date "2023.05.02"]
[Round "5"]
[White "Zenelaj, Samuel"]
[Black "Bjelobrk, Igor"]
[Result "1-0"]
[WhiteElo "2290"]
[BlackElo "2403"]
[PlyCount "57"]
[EventDate "2023.05.02"]
[EventType "swiss (blitz)"]
[EventRounds "11"]
[EventCountry "USA"]
[SourceTitle "EXT 2024"]
[Source "ChessBase"]
[SourceDate "2023.10.10"]
[SourceVersion "1"]
[SourceVersionDate "2023.10.10"]
[SourceQuality "1"]

1. e4 e6 2. d4 d5 3. Nd2 c5 4. Ngf3 cxd4 5. exd5 Qxd5 6. Bc4 Qd7 7. 0-0 Nc6 8. Nb3 a6 9. Nbxd4 Nxd4 10. Nxd4 Nf6 11. Re1 Bc5 12. Be3 0-0 13. Nxe6 Bxe3 14. Qxd7 Bxd7 15. Nxf8 Bxf2+ 16. Kxf2 Kxf8 17. Rad1 Bc6 18. Be2 Ne4+ 19. Kg1 f5 20. Bf3 Re8 21. Bxe4 Bxe4 22. Rd7 Re6 23. Rxb7 Rg6 24. Rb8+ Kf7 25. Re2 h5 26. Rh8 Kf6 27. Rxh5 Bf3 28. Rxf5+ Kxf5 29. Rf2 1-0

[Event "Titled Tuesday intern op 02nd May Late"]
[Site "Chess.com INT"]
[Date "2023.05.02"]
[Round "3"]
[White "Zenelaj, Samuel"]
[Black "Korchmar, Vasiliy"]
[Result "0-1"]
[WhiteElo "2290"]
[BlackElo "2438"]
[PlyCount "60"]
[EventDate "2023.05.02"]
[EventType "swiss (blitz)"]
[EventRounds "11"]
[EventCountry "USA"]
[SourceTitle "EXT 2024"]
[Source "ChessBase"]
[SourceDate "2023.10.10"]
[SourceVersion "1"]
[SourceVersionDate "2023.10.10"]
[SourceQuality "1"]

1. e4 c5 2. Nf3 d6 3. Bb5+ Nd7 4. d4 cxd4 5. Qxd4 a6 6. Bxd7+ Bxd7 7. Nc3 Nf6 8. Bg5 e6 9. 0-0 Be7 10. Rad1 Qc7 11. Bxf6 gxf6 12. Rfe1 Rc8 13. Nd5 exd5 14. exd5 Kf8 15. Qf4 h5 16. Nd4 Re8 17. Rxe7 Kxe7 18. Rd3 Kd8 19. Qxf6+ Kc8 20. h3 Kb8 21. Rc3 Qb6 22. Nf3 Rhg8 23. Qxf7 Bxh3 24. Rb3 Rxg2+ 25. Kh1 Qc7 26. Qxe8+ Ka7 27. Qe3+ Ka8 28. Nh4 Rg4 29. Qxh3 Qxc2 30. Rf3 Qd1+ 0-1

[Event "Titled Tuesday intern op 18th Apr Late"]
[Site "Chess.com INT"]
[Date "2023.04.18"]
[Round "5"]
[White "Coelho, Ramyres Santana"]
[Black "Zenelaj, Samuel"]
[Result "0-1"]
[WhiteElo "1981"]
[BlackElo "2290"]
[PlyCount "48"]
[EventDate "2023.04.18"]
[EventType "swiss (blitz)"]
[EventRounds "11"]
[EventCountry "USA"]
[SourceTitle "EXT 2024"]
[Source "ChessBase"]
[SourceDate "2023.10.10"]
[SourceVersion "1"]
[SourceVersionDate "2023.10.10"]
[SourceQuality "1"]

1. e4 e5 2. Nf3 Nc6 3. d4 exd4 4. Bc4 Nf6 5. e5 d5 6. Bb5 Nd7 7. 0-0 Be7 8. c3 dxc3 9. Nxc3 0-0 10. Nxd5 Ncxe5 11. Nxe7+ Qxe7 12. Nxe5 Nxe5 13. Re1 Qc5 14. Qe2 Ng6 15. Be3 Qe5 16. Bd3 Be6 17. b3 c6 18. Rad1 Nf4 19. Bxf4 Qxf4 20. Bb1 Rad8 21. Qc2 g6 22. Rxd8 Rxd8 23. Re4 Qxe4 24. Qxe4 Rd1+ 0-1

[Event "Titled Tuesday intern op 18th Apr Late"]
[Site "Chess.com INT"]
[Date "2023.04.18"]
[Round "3"]
[White "Zenelaj, Samuel"]
[Black "Kovacevic, Radmila"]
[Result "1-0"]
[WhiteElo "2290"]
[BlackElo "2106"]
[PlyCount "129"]
[EventDate "2023.04.18"]
[EventType "swiss (blitz)"]
[EventRounds "11"]
[EventCountry "USA"]
[SourceTitle "EXT 2024"]
[Source "ChessBase"]
[SourceDate "2023.10.10"]
[SourceVersion "1"]
[SourceVersionDate "2023.10.10"]
[SourceQuality "1"]

1. e4 e5 2. Nf3 f5 3. exf5 e4 4. Qe2 Qe7 5. Nd4 c5 6. Nb5 d5 7. N1c3 Nf6 8. d3 a6 9. Na3 exd3 10. Qxe7+ Bxe7 11. Bxd3 b5 12. Nab1 c4 13. Be2 b4 14. Na4 Bxf5 15. c3 Nbd7 16. cxb4 Bc2 17. Nc5 Nxc5 18. bxc5 Bxc5 19. 0-0 0-0 20. Bf3 Bd3 21. Rd1 Ne4 22. Be3 d4 23. Bd2 Rae8 24. Na3 Nxf2 25. Kxf2 c3 26. Bc1 cxb2 27. Bxb2 Re2+ 28. Kg3 Bd6+ 29. Kh3 Bf5+ 30. Bg4 Rxb2 31. Bxf5 Rxf5 32. Nc4 Re2 33. Nxd6 Re3+ 34. g3 Rh5+ 35. Kg4 g6 36. Rxd4 Rxh2 37. Rf1 h5+ 38. Kf4 Rhe2 39. Ne4 Kg7 40. Rc1 Kh6 41. Rc6 h4 42. gxh4 Kh5 43. Rc8 g5+ 44. hxg5 Rxe4+ 45. Rxe4 Rf2+ 46. Ke3 Rxa2 47. Re5 Ra3+ 48. Kd4 Ra4+ 49. Kd5 Ra5+ 50. Kd6 Rxe5 51. Kxe5 Kxg5 52. Ra8 a5 53. Rxa5 Kg4 54. Ra2 Kg3 55. Ke4 Kg4 56. Rg2+ Kh3 57. Kf3 Kh4 58. Rg3 Kh5 59. Kf4 Kh6 60. Rg5 Kh7 61. Kf5 Kh6 62. Kf6 Kh7 63. Rh5+ Kg8 64. Rh6 Kf8 65. Rh8# 1-0

[Event "Titled Tuesday intern op 18th Apr Late"]
[Site "Chess.com INT"]
[Date "2023.04.18"]
[Round "9"]
[White "Zenelaj, Samuel"]
[Black "Tyagi, Kushan"]
[Result "0-1"]
[WhiteElo "2290"]
[BlackElo "2060"]
[PlyCount "88"]
[EventDate "2023.04.18"]
[EventType "swiss (blitz)"]
[EventRounds "11"]
[EventCountry "USA"]
[SourceTitle "EXT 2024"]
[Source "ChessBase"]
[SourceDate "2023.10.10"]
[SourceVersion "1"]
[SourceVersionDate "2023.10.10"]
[SourceQuality "1"]

1. e4 c5 2. Nf3 e6 3. d4 cxd4 4. Nxd4 a6 5. Bd3 Bc5 6. Nb3 Be7 7. Qe2 Qc7 8. 0-0 d6 9. c4 Nd7 10. Nc3 b6 11. Kh1 Bb7 12. Be3 Ngf6 13. Rad1 h5 14. f4 g6 15. f5 gxf5 16. exf5 e5 17. Bg5 h4 18. Bxf6 Nxf6 19. Ne4 h3 20. Nxf6+ Bxf6 21. Be4 hxg2+ 22. Qxg2 0-0-0 23. Bxb7+ Qxb7 24. Qxb7+ Kxb7 25. Nd2 Rh4 26. Rfe1 Rdh8 27. Re2 Rd4 28. Rg1 Rhh4 29. b3 e4 30. Rf1 Be5 31. Rfe1 Bxh2 32. Rxe4 Bg3+ 33. Kg1 Bxe1 34. Re7+ Kc6 35. Nf3 Rde4 36. Rxf7 Rhg4+ 37. Kf1 Rgf4 38. Kg2 Re2+ 39. Kg1 Rxf3 40. b4 Bxb4 41. c5 Rc3 42. Kf1 Rxa2 43. Re7 Rc1+ 44. Re1 Rxe1# 0-1

[Event "Titled Tuesday intern op 04th Apr Early"]
[Site "Chess.com INT"]
[Date "2023.04.04"]
[Round "11"]
[White "Florescu, Codrut Constantin"]
[Black "Zenelaj, Samuel"]
[Result "1-0"]
[WhiteElo "2250"]
[BlackElo "2290"]
[PlyCount "77"]
[EventDate "2023.04.04"]
[EventType "swiss (blitz)"]
[EventRounds "11"]
[EventCountry "USA"]
[SourceTitle "EXT 2024"]
[Source "ChessBase"]
[SourceDate "2023.10.10"]
[SourceVersion "1"]
[SourceVersionDate "2023.10.10"]
[SourceQuality "1"]

1. e4 e5 2. Nf3 Nc6 3. Bc4 Nf6 4. d3 Bc5 5. h3 d6 6. c3 a5 7. a4 h6 8. Nbd2 Bb6 9. Qe2 Be6 10. Bxe6 fxe6 11. Nf1 0-0 12. Ng3 Ne7 13. d4 exd4 14. cxd4 Ng6 15. 0-0 Qd7 16. Bd2 Rae8 17. Rfe1 Qf7 18. Rec1 d5 19. e5 Nh7 20. b4 axb4 21. a5 Ba7 22. Bxb4 Nf4 23. Qe3 c6 24. Bxf8 Rxf8 25. Kh2 h5 26. a6 bxa6 27. Rxc6 g5 28. Raxa6 g4 29. hxg4 hxg4 30. Nh4 Qe7 31. Nhf5 Qg5 32. Rxa7 exf5 33. Rcc7 Qh6+ 34. Kg1 Ng5 35. Qxf4 Nh3+ 36. gxh3 Qxf4 37. Rg7+ Kh8 38. Rh7+ Kg8 39. Rag7# 1-0

[Event "Titled Tuesday intern op 28th Mar Early"]
[Site "Chess.com INT"]
[Date "2023.03.28"]
[Round "4"]
[White "Aadit, Bhatia"]
[Black "Zenelaj, Samuel"]
[Result "1-0"]
[WhiteElo "1926"]
[BlackElo "2327"]
[PlyCount "49"]
[EventDate "2023.03.28"]
[EventType "swiss (blitz)"]
[EventRounds "11"]
[EventCountry "USA"]
[SourceTitle "EXT 2024"]
[Source "ChessBase"]
[SourceDate "2023.10.10"]
[SourceVersion "1"]
[SourceVersionDate "2023.10.10"]
[SourceQuality "1"]

1. d4 Nf6 2. c4 g6 3. Nc3 Bg7 4. e4 d6 5. h3 0-0 6. Be3 e5 7. d5 a5 8. g4 Na6 9. Nge2 Nd7 10. Ng3 Ndc5 11. h4 f5 12. gxf5 gxf5 13. exf5 Bxf5 14. Nxf5 Rxf5 15. Qg4 Qf6 16. Rg1 Nb4 17. 0-0-0 e4 18. Bd4 Nxa2+ 19. Kc2 Rxf2+ 20. Kb1 Nxc3+ 21. bxc3 Ra6 22. Qc8+ Kf7 23. Qxc7+ Ke8 24. Bxf6 Bxf6 25. Rg8# 1-0

[Event "Titled Tuesday intern op 28th Mar Early"]
[Site "Chess.com INT"]
[Date "2023.03.28"]
[Round "2"]
[White "Xu, Daniel"]
[Black "Zenelaj, Samuel"]
[Result "1-0"]
[WhiteElo "2228"]
[BlackElo "2327"]
[PlyCount "91"]
[EventDate "2023.03.28"]
[EventType "swiss (blitz)"]
[EventRounds "11"]
[EventCountry "USA"]
[SourceTitle "EXT 2024"]
[Source "ChessBase"]
[SourceDate "2023.10.10"]
[SourceVersion "1"]
[SourceVersionDate "2023.10.10"]
[SourceQuality "1"]

1. e4 e5 2. Nf3 Nc6 3. Bb5 a6 4. Ba4 Nf6 5. 0-0 b5 6. Bb3 Bb7 7. Re1 Bc5 8. c3 0-0 9. h3 d6 10. d4 Bb6 11. Bc2 h6 12. a3 Re8 13. Be3 exd4 14. cxd4 Qd7 15. Nc3 b4 16. axb4 Nxb4 17. Ba4 Bc6 18. Bxc6 Qxc6 19. d5 Qc4 20. Bxb6 cxb6 21. Nd2 Qd4 22. Nb3 Qxd1 23. Raxd1 Rac8 24. Nd4 Rc4 25. f3 Rxd4 26. Rxd4 Nc2 27. Red1 Nxd4 28. Rxd4 Rc8 29. Ra4 a5 30. Nb5 Rc1+ 31. Kh2 Ne8 32. Ra3 Kf8 33. Rb3 Rc8 34. Na7 Rb8 35. Nc6 Rb7 36. Nxa5 Ra7 37. Nc6 Rb7 38. Kg3 g6 39. Kf4 Nf6 40. Ke3 Nd7 41. Ra3 Kg7 42. Ra7 Rxa7 43. Nxa7 Kf6 44. Nc8 Ne5 45. Nxb6 Ke7 46. f4 1-0